Gaceta de los tribunales 1910

में बचाया:
ग्रंथसूची विवरण
स्वरूप: पुस्तक
भाषा:स्पेनिश
प्रकाशित: Santiago Imprenta Barcelona 1910
विषय:
टैग: टैग जोड़ें
कोई टैग नहीं, इस रिकॉर्ड को टैग करने वाले पहले व्यक्ति बनें!

MARC

LEADER 00000nam a2200000 a 4500
001 UCI6322
003 CL-VaPUC
008 080430e19100000CL |||||||||||||||||spa|d
082 0 4 |a 347.83  |b GAC  |2 21 
245 1 0 |a Gaceta de los tribunales 1910 
300 |a v 
942 |c BK 
945 |d 20080430 00:00:00  |a cmena 
260 |a Santiago  |b Imprenta Barcelona  |c 1910 
650 0 |a Historia  |9 255047 
650 7 |a FUENTES  |2 CL-VaPUC  |9 255666 
650 0 |a Tribunales de justicia   |9 328494 
651 7 |a CHILE  |2 CL-VaPUC  |9 529134 
583 |a last modification  |c 20080430 00:00:00  |k Rodrigo Vera 
999 |c 329841  |d 329839 
952 |0 0  |1 0  |4 0  |6 347_830000000000000_GAC_1910  |7 0  |8 X  |9 414975  |a BIBHIS  |b BIBHIS  |d 2019-11-22  |h v.70 t.1  |i 2842807  |o 347.83 GAC 1910  |p 2842807  |r 2024-01-30  |w 2019-11-22  |y BK_X  |k HIS 
952 |0 0  |1 0  |4 0  |6 347_830000000000000_GAC_1910  |7 0  |8 X  |9 414976  |a BIBHIS  |b BIBHIS  |d 2019-11-22  |h v.70 t.2  |i 2842815  |o 347.83 GAC 1910  |p 2842815  |r 2024-01-30  |w 2019-11-22  |y BK_X  |k HIS